01267cam a22003974i 4500003000900000005001700009008004100026035001900067040003300086041001300119082002200132130003700154212004400191245020300235264004600438300003800484336002100522337002500543338002300568505003800591526001000629526001000639526001000649526001000659526000800669526000800677526000800685526000800693526000800701526000800709526000800717630003700725700003600762700003600798700003500834PE-LiUPU20250731173205.0150625s1985 miu r 000 0 spa d a(Sirsi) a31063 aPE-LiUPUbspacPE-LiUPUerda1 aspahheb04a220.4468bR472211 aBiblia.pN.T.lHebreo-español. aThe new testament in hebrew and spanish14aEl Nuevo testamento de Nuestro Señor Jesucristo /cantigua versión de Casiodoro de Reyna cotejada con diversas traducciones y revisada con arreglo al texto griego por Cipriano de Valera y otros. 1aMiddlesex, England :bThe Society,c1985. a519 páginas ;c18 centímetros atext2rdacontent aunmediated2rdamedia avolume2rdacarrier0 aNuevo testamento Hebreo-español aSEG42 aSEG41 aSEG40 aSEG39 aP94 aP87 aP86 aP85 aP77 aP76 aP35 aBiblia.pN.T.lHebreo-español.1 aReyna, Casiodoro de,etraductor1 aValera, Cipriano de,etraductor1 aRectory Lane Edware, Middlesex